Top 150 Most Popular Anime on MyAnimeList - Statistics

General Stats
  • This quiz has been taken 9,432 times
  • The average score is 31 of 150
Answer Stats
# Year Answer % Correct
7 2002 Naruto
93%
31 1999 One Piece
87%
2 2013 Shingeki no Kyojin
79%
1 2006 Death Note
77%
91 1986 Dragon Ball
77%
11 2004 Bleach
76%
107 2012 K
71%
14 2003 Fullmetal Alchemist
70%
129 2016 Boku no Hero Academia
60%
48 2011 Hunter x Hunter (2011)
60%
3 2012 Sword Art Online
56%
6 2006 Code Geass: Lelouch of the Rebellion
52%
19 2008 Code Geass: Lelouch of the Rebellion R2
52%
27 2015 One Punch Man
51%
61 1989 Dragon Ball Z
50%
13 2014 Tokyo Ghoul
50%
51 2015 Tokyo Ghoul √A
50%
124 2014 Haikyuu!!
49%
16 2009 Fairy Tail
47%
142 2014 Fairy Tail (2014)
47%
24 2007 Naruto: Shippuuden
46%
8 2011 Steins;Gate
43%
32 1998 Cowboy Bebop
42%
36 1995 Neon Genesis Evangelion
42%
4 2009 Fullmetal Alchemist:Brotherhood
40%
76 2006 Gintama
38%
56 2009 K-On!
36%
143 2010 K-On!!
36%
5 2010 Angel Beats
32%
88 2014 The Seven Deadly Sins
32%
101 2015 Assassination Classroom
31%
20 2007 Clannad
31%
78 2012 Kuroko no Basket
31%
46 2008 Kuroshitsuji
31%
86 2016 Re:Zero
31%
50 2014 Your Lie in April
31%
52 2012 Highschool DxD
30%
131 2013 Highschool DxD New
30%
10 2008 Toradora!
30%
15 2014 No Game No Life
29%
17 2008 Soul Eater
29%
18 2011 Blue Exorcist
28%
29 2014 Noragami
27%
74 2015 Shokugeki no Souma
27%
33 2014 Akame ga Kill
26%
118 2000 Inuyasha
26%
30 2013 Kill la Kill
26%
9 2011 Mirai Nikki
26%
148 2001 Fruits Basket
25%
35 2001 Spirited Away
25%
57 2016 Erased
24%
62 2015 Death Parade
23%
128 2013 Free!
23%
147 2004 Monster
23%
47 2014 Parasyte: the Maxim
23%
25 2012 Another
22%
23 2010 Highschool of the Dead
22%
22 2010 Durarara!!
20%
42 2011 Fate/Zero
20%
72 2012 Fate/Zero 2nd Season
20%
45 2006 Ouran Highschool Host Club
19%
12 2004 Elfen Lied
18%
60 2006 Fate/stay night
18%
80 2004 Howl's Moving Castle
18%
55 2004 Samurai Champloo
18%
38 2011 Anohana: The Flower We Saw That Day
17%
28 2012 Psycho-Pass
17%
21 2007 Tengen Toppa Gurren Lagann
17%
34 2009 Bakemonogatari
16%
104 2015 Charlotte
15%
94 2001 Hellsing
15%
54 2010 Maid Sama!
15%
125 1988 My Neighbor Totoro
15%
73 1997 Princess Mononoke
14%
37 2011 Puella Magi Madoka Magica
14%
64 2007 Baccano!
13%
79 2006 Black Lagoon
13%
108 2013 Danganronpa
13%
41 2011 Deadman Wonderland
13%
93 2012 Magi: The Labyrinth of Magic
13%
70 2014 Nisekoi
13%
117 1998 Trigun
13%
40 2008 Clannad: After Story
12%
39 2011 Guilty Crown
12%
97 2015 Owari no Seraph
11%
90 2014 Black Bullet
10%
95 2007 Lucky Star
10%
44 2006 The Melancholy of Haruhi Suzumiya
10%
146 2009 The Melancholy of Haruhi Suzumiya (2009)
10%
111 2008 Vampire Knight
10%
63 2012 Hyouka
9%
58 2013 Log Horizon
9%
43 2007 Darker Than Black
8%
105 2013 Date A Live
8%
127 1999 Great Teacher Onizuka
8%
103 2005 Mushishi
8%
140 2011 Nichijou
8%
49 2013 The Devil is a Part Timer
8%
98 2000 FLCL
7%
126 2013 Golden Time
7%
67 2013 My Teen Romantic Comedy SNAFU
7%
26 2014 Sword Art Online II
7%
144 2010 Bakuman
6%
82 2012 Btooom!
6%
89 2007 Claymore
6%
75 2006 D.Gray-man
6%
109 2006 Hellsing Ultimate
6%
135 2012 Nisemonogatari
6%
77 2008 Spice and Wolf
6%
68 2012 Tonari no Kaibutsu-kun
6%
71 2014 Zankyou no Terror
6%
84 2012 Accel World
5%
123 2002 Chobits
5%
133 2002 Fullmetal Panic!
5%
65 2006 Higurashi no Naku Koro ni
5%
134 2006 Katekyo Hitman Reborn!
5%
130 2006 Ergo Proxy
4%
150 2005 Eureka Seven
4%
132 2014 Fate/stay Night: Unlimited Blade Works
4%
81 2015 Is It Wrong to Try to Pick Up Girls in a Dungeon?
4%
66 2013 Kyoukai no Kanata
4%
114 2015 Noragami Aragoto
4%
85 2010 Oreimo
4%
100 2008 Rosario + Vampire
4%
121 2007 School Days
4%
141 2010 Shiki
4%
69 2006 The Familiar of Zero
4%
87 2007 5 Centimeters per Second
3%
92 2008 A Certain Magical Index
3%
120 2012 Kokoro Connect
3%
53 2012 Love, Chunibyo & Other Delusions!
3%
59 2012 Sakurasou no Pet na Kanojo
3%
119 2014 The Irregular at Magic High School
3%
110 2006 Welcome to the NHK
3%
149 2014 Aldnoah.Zero
2%
83 2011 Boku wa Tomodachi ga Sukunai
2%
137 2012 Daily Lives of High School Boys
2%
122 2009 Eden of the East
2%
112 2014 Gekkan Shoujo Nozaki-kun
2%
139 2011 IS: Infinite Stratos
2%
145 2016 Kabaneri of the Iron Fortress
2%
96 2009 Kimi no Todoke
2%
106 2011 Kore wa Zombie Desu ka?
2%
102 2005 Shakugan no Shana
2%
116 2012 Shinsekai Yori
2%
113 2006 The Girl Who Leapt Through Time
2%
115 2010 The World God Only Knows
2%
138 2013 Watamote
2%
136 2012 Zetsuen no Tempest
2%
99 2010 Baka to Test to Shoukanjuu
1%
No matching quizzes found
Score Distribution
Percent of People with Each Score
Percentile by Number Answered
Your Score History
You have not taken this quiz